书目信息 |
| 题名: |
新苑
|
|
| 作者: | ;本社 编 | |
| 分册: | 1981年第4期 | |
| 出版信息: | 常春 吉林人民出版社 1981.04 |
|
| 页数: | 240页 | |
| 开本: | 22cm | |
| 丛书名: | ||
| 单 册: | ||
| 中图分类: | I2-55 | |
| 科图分类: | ||
| 主题词: | 文学--中国 | |
| 电子资源: | ||
| ISBN: | ||
| 000 | 00521nam0 2200205 45 | |
| 001 | 0310090945 | |
| 005 | 20031219104118.8 | |
| 010 | @dCNY1.00 | |
| 091 | @a10091.827 | |
| 100 | @a20031009d1981 km y0chiy0120 ea | |
| 101 | 0 | @achi |
| 105 | @a z 000yy | |
| 200 | 1 | @a新苑@AXin Yuan@h1981年第4期@f本社编@FBen She Bian |
| 210 | @a常春@c吉林人民出版社@d1981.04 | |
| 215 | @a240页@d22cm | |
| 606 | 0 | @a文学@x中国 |
| 690 | @aI2-55@v3 | |
| 711 | 02 | @a本社@4编 |
| 801 | @aCN@bTSTC@c20031009 | |
| 905 | @f1@b53068@dI2-55@e4/81 | |
| 新苑.1981年第4期/本社编.-常春:吉林人民出版社,1981.04 |
| 240页;22cm |
| ISBN :CNY1.00 |
| ● |
| 相关链接 |
|
|
|
|
正题名:新苑
索取号:I2-55/4/81
 
预约/预借
| 序号 | 登录号 | 条形码 | 馆藏地/架位号 | 状态 | 备注 |
| 1 | 0053068 | 001672531 | 密集书库/ [索取号:I2-55/4/81] | 在馆 |